Kalisa Aur Aag (Record no. 33058)
[ view plain ]
| 000 -LEADER | |
|---|---|
| fixed length control field | 00266nam a22001217a 4500 |
| 082 ## - DEWEY DECIMAL CLASSIFICATION NUMBER | |
| Classification number | 891.4392 |
| 100 ## - MAIN ENTRY--PERSONAL NAME | |
| Personal name | Naseem Hajazi |
| 245 ## - TITLE STATEMENT | |
| Title | Kalisa Aur Aag |
| 260 ## - PUBLICATION, DISTRIBUTION, ETC. | |
| Place of publication, distribution, etc. | Lahore |
| Name of publisher, distributor, etc. | Jahangir Publisher |
| Date of publication, distribution, etc. | 2011. |
| 300 ## - PHYSICAL DESCRIPTION | |
| Extent | 428p. ; |
| Other physical details | 22cm |
| 500 ## - GENERAL NOTE | |
| General note | Hardcover |
| 942 ## - ADDED ENTRY ELEMENTS (KOHA) | |
| Koha item type | Book |
| Withdrawn status | Lost status | Source of classification or shelving scheme | Damaged status | Not for loan | Permanent Location | Current Location | Date acquired | Total Checkouts | Full call number | Barcode | Date last seen | Price effective from | Koha item type |
|---|---|---|---|---|---|---|---|---|---|---|---|---|---|
| School of Mechanical & Manufacturing Engineering (SMME) | School of Mechanical & Manufacturing Engineering (SMME) | 12/22/2015 | 891.4392 NAS | SMME-2142 | 04/03/2018 | 12/22/2015 | Book |
